|
|
|
|
| LEADER |
01447nam a2200373 a 4500 |
| 001 |
EBC821877 |
| 003 |
MiAaPQ |
| 005 |
20200520144314.0 |
| 006 |
m o d | |
| 007 |
cr cn||||||||| |
| 008 |
120510s2012 nju sb 001 0 eng d |
| 010 |
|
|
|z 2012017193
|
| 020 |
|
|
|z 9781118205464 (cloth)
|
| 020 |
|
|
|a 9781118228517 (electronic bk.)
|
| 035 |
|
|
|a (MiAaPQ)EBC821877
|
| 035 |
|
|
|a (Au-PeEL)EBL821877
|
| 035 |
|
|
|a (CaPaEBR)ebr10593183
|
| 035 |
|
|
|a (CaONFJC)MIL385493
|
| 035 |
|
|
|a (OCoLC)793497229
|
| 040 |
|
|
|a MiAaPQ
|c MiAaPQ
|d MiAaPQ
|
| 050 |
|
4 |
|a HG4751
|b .K45 2012
|
| 082 |
0 |
4 |
|a 332.6
|2 23
|
| 100 |
1 |
|
|a Kelly, Jason,
|d 1973-
|
| 245 |
1 |
4 |
|a The new tycoons
|h [electronic resource] :
|b inside the trillion dollar private equity industry that owns everything /
|c Jason Kelly.
|
| 260 |
|
|
|a Hoboken, N.J. :
|b Wiley,
|c c2012.
|
| 300 |
|
|
|a xxii, 232 p.
|
| 490 |
0 |
|
|a Bloomberg Press series
|
| 504 |
|
|
|a Includes bibliographical references and index.
|
| 505 |
0 |
|
|a Find the money -- All the money in the world -- The L word -- When was the last time you bought a toilet seat?.
|
| 533 |
|
|
|a Electronic reproduction. Ann Arbor, MI : ProQuest, 2015. Available via World Wide Web. Access may be limited to ProQuest affiliated libraries.
|
| 650 |
|
0 |
|a Private equity.
|
| 655 |
|
4 |
|a Electronic books.
|
| 710 |
2 |
|
|a ProQuest (Firm)
|
| 856 |
4 |
0 |
|u https://ebookcentral.proquest.com/lib/matrademy/detail.action?docID=821877
|z Click to View
|